| 000 | 00893nam a2200277 i 4500 | ||
|---|---|---|---|
| 001 | 184185 | ||
| 003 | ES-MaACL | ||
| 005 | 20230906222106.0 | ||
| 008 | 150415s1962 sp f |||| |dspa d | ||
| 080 | _a929 Oppenheimer, J. Robert | ||
| 080 | _a623.454.8 | ||
| 100 | 1 |
_aRouze, Michel. _9156730 |
|
| 245 | 1 | 0 |
_aRobert Oppenheimer / _cpor Michel Rouze ; traducción, M. Barba Zabaleta. |
| 246 | 3 | 4 | _aRobert Oppenheimer y la bomba atómica |
| 260 |
_aMadrid : _bCid, _c[1962] |
||
| 300 |
_a218 p., [8] p. de lám. ; _c16 cm. |
||
| 490 | 1 |
_aSabios del mundo entero ; _v5 |
|
| 500 | _aLéxico. | ||
| 504 | _aBibliografía: p. 211-215. | ||
| 600 | 1 | 7 |
_aOppenheimer, J. Robert. _9156731 |
| 650 | 0 | 4 |
_aArmas nucleares- _vHistoria. _99971 |
| 700 | 1 |
_aBarba Zabaleta, M. _9156727 |
|
| 830 | 0 |
_aSabios del mundo entero ; _v5 _9192074 |
|
| 852 |
_aES-MaACL _jE-15552 |
||
| 999 |
_c184185 _d184185 |
||